000 00434nab a2200145Ia 4500
003 ES-SlBCS
005 20210909154425.0
008 140529s2001 xxu||||| |||| 00| 0 ita d
041 _aita
100 1 _aZuccaro, Cataldo
_960301
245 0 0 _aLa riproduzione artificiale
_c Cataldo Zuccaro
650 0 4 _aReproducción Artificial
_9152541
773 0 _tRassegna di Teologia
_gvol. 42, nº. 2, 2001, págs. 197-218
_wRev335
942 _cAR
999 _c589805
_d589805